00593nam a2200181 a 4500008004100000020001500041050001500056100001800071245005200089260004000141300002100181350000900202490003300211650005100244650002600295650006400321700002600385120416s1992 ||||||||||||||||| || u a0821321161 aIBRD(08)DP aRussell, S. S10aInternational migration and international trade aWashington, D. C.bWorld Bankc1992 avii, 84p. : ill. a0.00 aWorld Bank Discussion Papers aEMIGRATION AND IMMIGRATION -- ECONOMIC ASPECTS aEMIGRANTS REMITTANCES 0aINTERNATIONAL ECONOMIC RELATIONS--HANDBOOKS, MANUALS, E.T.C aTeitelbaum, Michael S